02509nkc a2200373za 450000100060000000300040000600500170001000700070002700800410003404000240007510000410009924500320014026000240017230000990019650002120029550001930050750000650070050001340076550001690089950400520106850500310112051001510115151002100130256101300151265100260164265100300166865500400169870000600173885200120179885601500181094200250196095201330198599900170211884722OSt20260325085124.0kh boc250410s19101911sp ||||| ||||||0| i|spa d aM-RABAbspacM-RABA1 aElorza, Lorenzod(1861-1931)911106810aZurbanob: Estatuac/ L. E. c[ca. 1910 – 1911] a1 fotografíab: gelatina de plata c; imagen 6 x 16 cm c; soporte secundario 21,5 x 26,5 cm aVista de la estatua románica en Zurbano. Se trata de una figura varonil, estilizada, con un manto cubre el hombro izquierdo dejando descubierto el hombro derecho y parte de la túnica plegada en ángulo. aFotografía montada sobre soporte secundario de cartulina azul enmarcada con orla en relieve. Título y numeración manuscrita que hace referencia a la posición en la serie “167”. aSello con monograma del fotógrafo en tinta roja “L.E.” aFechas tomadas de la ejecución del positivo de las fotografías, incluido el soporte secundario. (Soto Madrazo, Javier. 2008). aForma parte de un conjunto de 167 fotografías empleadas por Federico Baráibar Zumárraga para la elaboración del Inventario del Románico en Álava (1911). aBaraibar, F.: "Rincones artísticos", M. 1914. aZurbano.- Estatua. / L. E. aDescripción tomada de: Soto Madrazo, Javier (2008). Federico Baraibar y el Inventario del Románico en Álava: una caja con 167 fotografías. aEsta colección fue utilizada posteriormente por Cristóbal de Castro para la elaboración y publicación del "Catálogo Monumental de España: provincia de Álava", Madrid, S. de Rivadeneira, 1915. aDonadas junto con la memoria manuscrita a la Academia por el mismo Baraibar (Sesión 12 de febrero de 1912, Archivo: 4-32-1) 7aÁlava2embne975661 7aZurbano (Álava)9111660 0aFotografías de monumentos91115801 aBaráibar y Zumárraga, Federico d(1851-1918)912926 jFot-276 3Fot-276uhttps://archivoybiblioteca.realacademiabellasartessanfernando.com/cgi-bin/koha/opac-retrieve-file.pl?id=d3375eb1da0bc830e88302632b8919e8 2ddccFOTOGRAFÍAn0 00102ddc40708FOTOGRAFIAaRABASFbRABASFcDP2d2025-05-08l0oFot-276p1095608r2025-05-08 11:16:31w2025-05-08yFOTOGRAFÍA c84722d84722